000 00455ntaaa2200181 4500
003 01
005 20251027202453.0
008 0714s1973 ag 01
040 _aAR-BaBN
_bspa
_cAR-BaBN
_eaacr
_dRIC
082 _a268.4322 Yo8
100 _aYoung, Helen
_923602
245 _aSunday School work with 4's and 5's
250 _a1 ed.
260 _aNashville :
_bConvention Press,
_cc1962
300 _axi, 147 p.
650 _aPárvulos
_93768
942 _cBK
999 _c19699
_d19699